|
|
|
|
| LEADER |
00000cam a2200000 7i4500 |
| 001 |
0000053430 |
| 005 |
20151021.0 |
| 008 |
151021 |
| 020 |
|
|
|a 9838931314
|
| 090 |
0 |
0 |
|a HAB
|b MAL
|
| 100 |
1 |
|
|a Habibah Rahmat
|
| 245 |
1 |
0 |
|a Episod Cinta Belum Berakhir: Cinta Itu Indah Di Mata, Derita Di Hati
|c Habibah Rahmat
|
| 260 |
|
|
|a Kuala Lumpur :
|b Creative Enterprise Sdn. Bhd. ,
|c 2004
|
| 300 |
|
|
|a 252pg. :
|b Col.ill
|
| 650 |
|
0 |
|a Malay Fiction
|
| 999 |
|
|
|a 0000922632
|b Book
|c Adult Collection
|e Cawangan Bukit Gambir
|
| 999 |
|
|
|a 0000935379
|b Book
|c Adult Collection
|e Cawangan Tangkak
|
| 999 |
|
|
|a 0000935380
|b Book
|c Adult Collection
|e Cawangan Tangkak
|
| 999 |
|
|
|a 0000940427
|b Book
|c Adult Collection
|e Cawangan Taman Sri Lambak
|
| 999 |
|
|
|a 0000940428
|b Book
|c Adult Collection
|e Cawangan Taman Sri Lambak
|